01017cam a22002651 4500001001300000003000400013005001700017008004100034010001700075035001900092040004900111050002300160051001500183100002700198245009500225260006500320300005000385490004200435500008200477500004500559504003200604650005000636830004800686999001700734gs 37000130 DLC20260227111341.0761110s1936 oncb b 000 0 eng c ags 37000130  a(OCoLC)2549702 aU.S.Geol.survey. LibrarycOGraDdNSbSUdDLC00aQE185b.A2 no. 194 aQE187b.H31 aHanson, George,d1891-10aEagle-McDame area, Cassiar district, British Columbia,cby G. Hanson and D. A. McNaughton. aOttawa,bJ.O. Patenaude, I.S.O., printer to the King,c1936. a2 p. l., 16 p.bfold. map (in pocket)c25 cm.1 aCanada. Geological Survey. Memoir 194 aAt head of title: Canada. Department of Mines ... Bureau of Economic Geology. aIn lower right corner of t.-p.: no.2418. aBibliographical foot-notes. 0aGeologyzBritish ColumbiazEagle-McDame area. 0aMemoir (Geological Survey of Canada) ;v194 c27351d27351